Vista normal Vista MARC

Entrada Materia (personas)

Número de registros utilizados en: 1

001 - CONTROL NUMBER

  • control field: 101499

003 - CONTROL NUMBER IDENTIFIER

  • control field: Co-BoUCM

005 - DATE AND TIME OF LATEST TRANSACTION

  • control field: 20201112110830.0

008 - FIXED-LENGTH DATA ELEMENTS

  • fixed length control field: 201112|| aca||aabn | a|a d

040 ## - CATALOGING SOURCE

  • Original cataloging agency: Co-BoUCM
  • Transcribing agency: Co-BoUCM

100 ## - HEADING--PERSONAL NAME

  • Personal name: Cohoon, J. W.
  • Titles and other words associated with a name: (James Wilfred)
  • Dates associated with a name: 1878-1946

670 ## - SOURCE DATA FOUND

  • Source citation: Work cat.: (Co-BoUCM): Dion Crisóstomo 101498, Dio Chrysostom. , 1932 - 1951